| Tag |
First Indicator |
Second Indicator |
Subfields |
| LEADER |
00000cam a2200000 a 4500 |
| 001 |
in00000086264 |
| 005 |
20151008062628.0 |
| 008 |
820208s1981 ii b 00110 eng |
| 010 |
|
|
|a 81902772
|
| 020 |
|
|
|c Rs100.00
|
| 035 |
|
|
|a (OCoLC)08221557
|
| 035 |
|
|
|9 AAK0622AM
|
| 039 |
0 |
|
|a 2
|b 3
|c 3
|d 3
|e 3
|
| 040 |
|
|
|a DLC
|c DLC
|d TXA
|d UtOrBLW
|
| 043 |
|
|
|a a-cc---
|a e-ur---
|a n-us---
|
| 049 |
|
|
|a TXAM
|c [1561661]
|
| 050 |
0 |
0 |
|a DS740.5 S65
|b G56
|
| 082 |
0 |
|
|a 327.51047
|2 19
|
| 100 |
1 |
|
|a Ghosh, Partha S.
|q (Partha Sarathy),
|d 1947-
|
| 245 |
1 |
0 |
|a Sino-Soviet relations :
|b US perceptions and policy responses, 1949-1959 /
|c Partha S. Ghosh.
|
| 264 |
|
1 |
|a New Delhi :
|b Uppal Pub. House,
|c 1981.
|
| 300 |
|
|
|a 341 pages ;
|c 23 cm.
|
| 336 |
|
|
|a text
|b txt
|2 rdacontent
|
| 337 |
|
|
|a unmediated
|b n
|2 rdamedia
|
| 338 |
|
|
|a volume
|b nc
|2 rdacarrier
|
| 500 |
|
|
|a Includes index.
|
| 504 |
|
|
|a Bibliography: pages [294]-332.
|
| 651 |
|
0 |
|a China
|x Foreign relations
|z Soviet Union.
|
| 651 |
|
0 |
|a Soviet Union
|x Foreign relations
|z China.
|
| 651 |
|
0 |
|a United States
|x Foreign relations
|y 1945-1953.
|
| 651 |
|
0 |
|a United States
|x Foreign relations
|y 1953-1961.
|
| 999 |
|
|
|a MARS
|
| 999 |
f |
f |
|s 89c9a8b7-88ce-3b81-9e0f-674cbe9f4211
|i 7a3fd0f7-97d3-3c38-89cb-e7ac512478a4
|t 0
|
| 952 |
f |
f |
|p normal
|a Texas A&M University
|b College Station
|c Sterling C. Evans Library
|d Evans: Library Stacks
|t 0
|e DS740.5 S65 G56
|h Library of Congress classification
|i unmediated -- volume
|m A14805955930
|
| 998 |
f |
f |
|a DS740.5 S65 G56
|t 0
|l Evans: Library Stacks
|